000 00528nam a22001577a 4500
003 NUST
038 _aNusrat Nadeem
082 _a200
100 _aNaqeeb, Azhan
_9130975
245 _aDeep Learning-Driven Safer Streets: Efficient Estimation of Pedestrian Intentions/
_cAzhan Naqeeb,
264 _aIslamabad:
_bSEECS NUST.
_c2025.
650 _aMS-Electrical Engineering
_923567
700 _aSupervisor: Dr. Muhammad Latif Anjum
_9120853
856 _u http://10.250.8.41:8080/xmlui/handle/123456789/55540
942 _2ddc
_cSC
999 _c615100
_d615100